Normal view MARC view
  • DR. KUMAR SANJAY

Entry Personal Name

Number of records used in: 1

001 - CONTROL NUMBER

  • control field: 8424

003 - CONTROL NUMBER IDENTIFIER

  • control field: JRU

005 - DATE AND TIME OF LATEST TRANSACTION

  • control field: 20240603124345.0

008 - FIXED-LENGTH DATA ELEMENTS

  • fixed length control field: 240603|| aca||aabn | a|a d

040 ## - CATALOGING SOURCE

  • Original cataloging agency: JRU
  • Transcribing agency: JRU

100 ## - HEADING--PERSONAL NAME

  • Personal name: DR. KUMAR SANJAY

670 ## - SOURCE DATA FOUND

  • Source citation: Work cat.: (JRU)8516: DR. KUMAR SANJAY, PERSONALITY CAREER AUR BINDAS JINDAGI: VYAKTITWA NIRMAAN KEE EK LAJAVAAB PUSTAK